تأويل القرآن الكريم ومذاهب الفرق فيه : (رقم التسجيلة. 110538)

تفاصيل مارك
000 -الفاتح
عناصر البيانات ثابتة الطول 00753cam a2200169 i 4500
005 - تاريخ ووقت آخر معاملة
حقل ضبط 20251207101032.0
008 - عناصر البيانات ثابتة الطول
عناصر البيانات ثابتة الطول 250721s2008 jo gr 000 0 ara d
082 14 - رقم تصنيف ديوي العشري
رقم التصنيف 215
رقم المادة م و س
100 1# - مدخل رئيسي – اسم شخصي
الاسم الشخصي موسى، محمد بديع
علاقة الشخص بالعمل/ دوره مؤلف.
245 10 - بيان العنوان
العنوان تأويل القرآن الكريم ومذاهب الفرق فيه :
بقية العنوان الخوارج ،الجهمية ،المعتزلة ،الشيعة، الباطنية، أهل الكلام، الصوفية /
بيان المسؤولية الدكتور محمد بديع موسى.
250 ## - بيان الطبعة
بيان الطبعة الطبعة الأولى.
264 31 - بيانات النشر، التوزيع…إلخ
مكان النشر، التوزيع...إلخ عمان :
اسم الناشر، الموزع...إلخ دار الإعلام للنشر والتوزيع،
تاريخ النشر، التوزيع...إلخ 2008.
300 ## - الوصف المادي
عدد الوحدات المكونة للوعاء 567 صفحة.
650 17 - مدخل إضافي بالموضوع - مصطلح موضوعي
مصطلح موضوعي أو اسم جغرافي كعنصر مدخل الفرق الاسلامية.
942 ## - بيانات إضافية (كوها)
نوع التنصيف Dewey Decimal Classification
نوع المادة (كوها) كتب
المقتنيات
حالة السحب حالة الفقدان مصدر التصنيف حالة التلف غير قابل للإعارة المكتبة الرئيسية المكتبة الحالية موقع الرف تاريخ التزويد الرقم المتسلسل Total Checkouts رقم الإستدعاء الباركود تاريخ آخر ظهور تاريخ الفاتورة نوع المادة (كوها)
    Dewey Decimal Classification     المكتبة المركزية المكتبة المركزية الإعارة 28/07/2025 1150995   215 / م وز س 1150995 28/07/2025 28/07/2025 كتب
    Dewey Decimal Classification     مكتبة الأميرة ايمان العامة مكتبة الأميرة ايمان العامة الإعارة 28/07/2025 1150997   215/موس 1150997 28/07/2025 28/07/2025 كتب
    Dewey Decimal Classification     مكتبة الأميرة سلمى مكتبة الأميرة سلمى الإعارة 11/06/2015 1465164   215/موس PLD00330499 28/07/2025 11/06/2015 كتب
    Dewey Decimal Classification     مكتبة الاميرة بديعة مكتبة الاميرة بديعة الإعارة 28/07/2025 1151000   215/موس 1151000 28/07/2025 28/07/2025 كتب
    Dewey Decimal Classification     مكتبة الجويدة مكتبة الجويدة الإعارة 28/07/2025 1151001   215/موس 1151001 28/07/2025 28/07/2025 كتب
    Dewey Decimal Classification     مكتبة الحسن العامة مكتبة الحسن العامة الإعارة 28/07/2025 1151002   215/موس 1151002 28/07/2025 28/07/2025 كتب
    Dewey Decimal Classification     مكتبة حمزة العامة مكتبة حمزة العامة الإعارة 28/07/2025 1151003   215/موس 1151003 28/07/2025 28/07/2025 كتب
    Dewey Decimal Classification     مكتبة صويلح العامة مكتبة صويلح العامة الإعارة 28/07/2025 1150998   215/موس 1150998 28/07/2025 28/07/2025 كتب
Implemented & Customized by: BBB with SCIT (Smart Chains for Information Technology)

Powered by Koha